• 首页
  • 本馆介绍
  • 公告通知
  • 最新文献
  • 馆藏检索
  • 电子资源
  • 读者导购
  • 参考咨询
  • 我的图书馆
  • 登录
  • 详细信息显示
  • 放入我的书架
  • 预约/预借图书
  • 作者相关作品
  • 分类相关作品
  • 丛书相关作品
  • 出版社相关作品

书目信息

  • 表格格式
  • 工作单格式
  • 卡片格式
题名:
2010国家司法考试教材一本通
    
 
作者: 常英 , 杨秀清 , 史飚 编著
分册: 4   民事诉讼法与仲裁制度
出版信息: 北京   中国法制出版社  2009
页数: 284页
开本: 26cm
丛书名:
单 册:
中图分类: D925.104 , D925.704
科图分类:
主题词: 民事诉讼法--中国--考核--自学参考资料 , 仲裁法--中国--考核--自学参考资料 , 民事诉讼法 , 仲裁法
电子资源:
ISBN: 978-7-5093-1526-2
000 01241nam0 2200313 45
001 1033019218
005 20131014110810.09
010    @a978-7-5093-1526-2@dCNY38.00
100    @a20100331d2009 em y0chiy50 ea
101 0  @achi
102    @aCN@b110000
105    @ay z 000yy
106    @ar
200 1  @a2010国家司法考试教材一本通@A2010 Guo Jia Si Fa Kao Shi Jiao Cai Yi Ben Tong@h4@i民事诉讼法与仲裁制度@IMin Shi Su Song Fa Yu Zhong Cai Zhi Du@f常英,杨秀清,史飙编著@FChang Ying, Yang Xiu Qing, Shi Biao Bian Zhu
210    @a北京@c中国法制出版社@d2009
215    @a284页@d26cm
330    @a本书内容包括:民事诉讼与民事诉讼法、主管与管辖、当事人、诉讼代理人、民事证据、民事诉讼中的证明、法院调解、普通程序、公示催告程序等。
517 1  @a民事诉讼法与仲裁制度@AMin Shi Su Song Fa Yu Zhong Cai Zhi Du
606 0  @a民事诉讼法@y中国@x考核@j自学参考资料
606 0  @a仲裁法@y中国@x考核@j自学参考资料
606 0  @a民事诉讼法
606 0  @a仲裁法
690    @aD925.104@v4
690    @aD925.704@v4
701  0 @a常英@AChang Ying@c(教授)@4编著
701  0 @a杨秀清@AYang Xiu Qing@c(法律)@4编著
701  0 @a史飚@AShi Bian@c(女,@f1971.9~)@4编著
801  0 @aCN@bTANGWEI@c20100407
905    @b0587565-69@dD925.104@e404@f5
    
    2010国家司法考试教材一本通.4.民事诉讼法与仲裁制度/常英,杨秀清,史飙编著.-北京:中国法制出版社,2009
    284页;26cm
    
    
    ISBN 978-7-5093-1526-2:CNY38.00
    本书内容包括:民事诉讼与民事诉讼法、主管与管辖、当事人、诉讼代理人、民事证据、民事诉讼中的证明、法院调解、普通程序、公示催告程序等。
●
相关链接 在E读中查询图书 在五车中查询图书 在当当中查询图书 在豆瓣中查询图书


正题名:2010国家司法考试教材一本通     索取号:D925.104/404         预约/预借

序号 登录号 条形码 馆藏地/架位号 状态 备注
1 0587565   205875659   第一样本阅览室/ [索取号:D925.104/404] 在馆    
2 0587566   205875668   第一借阅区/ [索取号:D925.104/404] 在馆    
3 0587567   205875677   第一借阅区/ [索取号:D925.104/404] 在馆    
4 0587568   205875686   第一借阅区/ [索取号:D925.104/404] 在馆    
5 0587569   205875695   第一借阅区/ [索取号:D925.104/404] 在馆    
唐山师范学院图书馆 欢迎您!
大连网信软件有限公司© 版权所有